LEADER 00980cam0-22003251i-450- 001 990000223570403321 005 20061219174422.0 035 $a000022357 035 $aFED01000022357 035 $a(Aleph)000022357FED01 035 $a000022357 100 $a20020821d1840----km-y0itay50------ba 101 0 $afre 102 $aFR 105 $ay-------001yy 200 1 $aSecrets modernes des arts et métiers$eouvrage comprenant les découvertes les plus récentes dans les arts industriels$frecueilli et mis en ordre par Pelouze 205 $a3e éd. 210 $aParis$cMaison$d1840 215 $a3 v.$d18 cm 307 $a2.: 467 p. ; 3.: 402 p. 676 $a670 700 1$aPelouze,$bEdmond$0297310 801 0$aIT$bUNINA$gRICA$2UNIMARC 901 $aBK 912 $a990000223570403321 952 $a13 AR 18 A 20$b3742$fFINBC 952 $a13 AR 18 A 21$b3743$fFINBC 959 $aFINBC 996 $aSecrets modernes des arts et métiers$9122958 997 $aUNINA LEADER 01019nam0-22003131i-450- 001 990002501390403321 010 1$a3540550038 035 $a000250139 035 $aFED01000250139 035 $a(Aleph)000250139FED01 035 $a000250139 100 $a20000920d1992----km-y0itay50------ba 101 1$aENG 200 1 $aBootstrapping and Related Techniques$eProceedings of an International Conference held in Trier, FRG, June 4-8, 1990$fK.H. Jockel$gG. Rothe$gW. Sendler. 210 $aBerlin$cSpringer Verlag$d1992. 215 $aVIII, 245 p.$d23 cm 225 1 $aLecture notes in economics and mathematical systems$v376 610 0 $aAtti di convegni$ainferenza non parametrica 702 1$aJöckel,$bKarl-Heinz 702 1$aRothe,$bGunter 702 1$aSendler,$bWolfgang 801 0$aIT$bUNINA$gRICA$2UNIMARC 901 $aBK 912 $a990002501390403321 952 $aX-B-24$b1732$fMAS 959 $aMAS 996 $aBootstrapping and Related Techniques$9440540 997 $aUNINA DB $aING01